000
00367nam a2200145Ia 4500
008
231129s2000||||xx |||||||||||||| ||spa||
020
_a
84-376-0457-5
040
_b
spa
082
_a
A863 C827a
100
_a
Cortázar Julio
245
0
_a
Rayuela
260
_c
2000
264
_a
Madrid España : Catedra
942
_2
ddc
_c
BKS
999
_c
23728
_d
23728